Statistiques concernant Coupe du Monde de Baseball

Cliquez ici pour prendre le quiz!

Statistiques générales

  • Ce quiz a été pris 138 fois
  • Le résultat moyen est 10 sur 15

Statistiques - réponses

Réponse% Correct
Etats-Unis
98%
Japon
93%
Canada
92%
Mexique
83%
Cuba
81%
Venezuela
73%
Corée du Sud
70%
République Dominicaine
60%
Colombie
58%
Pays-Bas
49%
Panama
47%
Porto Rico
47%
Nicaragua
43%
Royaume-Uni
37%
Taïwan
37%

Distribution des résultats

Percentile par nombre de réponses

% des personnes avec chaque résultat

Votre développement - résultats

Vous n’avez pas pris ce quiz